New model off-course (Record no. 76047)

MARC details
000 -LEADER
fixed length control field 00914cab a2200181 4500
001 - CONTROL NUMBER
control field ##L131336
008 - FIXED-LENGTH DATA ELEMENTS--GENERAL INFORMATION
fixed length control field 051021n2005 000 0 eng u
035 ## - SYSTEM CONTROL NUMBER
System control number (Sirsi) u131336
041 0# - LANGUAGE CODE
Language code of text/sound track or separate title eng
100 1# - MAIN ENTRY--PERSONAL NAME
Personal name Roberts, Philip
245 00 - TITLE STATEMENT
Title New model off-course
260 3# - PUBLICATION, DISTRIBUTION, ETC.
Date of publication, distribution, etc. 2005
490 #0 - SERIES STATEMENT
Series statement Estates Gazette
Volume/sequential designation (0541) 15 October 2005,198-199(2)
520 ## - SUMMARY, ETC.
Summary, etc. Compares the qualification routes for solicitors and surveyors. Looks at changes to solicitors' professional education proposed in the Law Society's training framework review but not yet implemented. The solicitor's training contract may possibly be remodelled as work-based learning, an approach already embraced within surveyors' professional education. Many solicitors however are happy with the current training and education model.
690 ## - LOCAL SUBJECT ADDED ENTRY--TOPICAL TERM (OCLC, RLIN)
Topical term or geographic name as entry element CAREERS, EDUCATION AND TRAINING-QUALIFICATION ROUTES
700 1# - ADDED ENTRY--PERSONAL NAME
Personal name Williamson, Cheryl
942 ## - ADDED ENTRY ELEMENTS (KOHA)
Suppress in OPAC 0
Holdings
Withdrawn status Lost status Source of classification or shelving scheme Damaged status Not for loan Home library Current library Shelving location Date acquired Total Checkouts Full call number Barcode Date last seen Copy number Price effective from Koha item type
    Dewey Decimal Classification     London London Journal article 21/10/2005   L131336 131336-1001 06/08/2019 1 06/08/2019 Journal article